| Tag |
First Indicator |
Second Indicator |
Subfields |
| LEADER |
00000cam a22000001i 4500 |
| 001 |
in00003975310 |
| 006 |
m d f |
| 007 |
cr bn mmmapmmp |
| 008 |
340725s1934 dcu o f000 0 eng d |
| 005 |
20250211000414.1 |
| 035 |
|
|
|a ebd1933000151
|
| 040 |
|
|
|a UMI
|c UMI
|e rda
|d UtOrBLW
|
| 086 |
0 |
|
|a A 1.36:450
|
| 099 |
|
|
|a A1.36..450
|
| 110 |
1 |
|
|a United States.
|b Bureau of Plant Industry.
|0 http://id.loc.gov/authorities/names/n80145310
|
| 245 |
1 |
0 |
|a Relation of maturity and handling of Bartlett pears in Pacific Northwest to quality of canned product.
|
| 264 |
|
1 |
|a [Washington] :
|b [s.n.],
|c 1934.
|
| 300 |
|
|
|a 1 online resource (24 pages), digital, PDF file
|
| 336 |
|
|
|a text
|b txt
|2 rdacontent
|
| 337 |
|
|
|a computer
|b c
|2 rdamedia
|
| 338 |
|
|
|a online resource
|b cr
|2 rdacarrier
|
| 533 |
|
|
|a Electronic reproduction.
|b [Bethesda, Md.] :
|c ProQuest,
|d 2016
|e digital, PDF file.
|n ProQuest U.S. Executive Branch Documents
|n Mode of access: World Wide Web via ProQuest website.
|
| 588 |
|
|
|a Record is based on online resource; title from PDF title page (ProQuest, last viewed July 2016). Reuse except for individual research requires license from ProQuest, LLC.
|
| 650 |
|
0 |
|a Canning and preserving.
|0 http://id.loc.gov/authorities/subjects/sh85019620
|
| 650 |
|
0 |
|a Pears.
|0 http://id.loc.gov/authorities/subjects/sh85099008
|
| 651 |
|
0 |
|a California.
|0 http://id.loc.gov/authorities/names/n79041717
|
| 651 |
|
0 |
|a Oregon.
|0 http://id.loc.gov/authorities/names/n79021953
|
| 856 |
4 |
0 |
|u http://proxy.library.tamu.edu/login?url=http://congressional.proquest.com/congressional/docview/t66.d71.a1.36..450?
|y Electronic resource (PDF)
|t 0
|
| 999 |
f |
f |
|s ed611eac-d9b7-3ceb-bd89-e16b4bd12d93
|i 64e58e76-5ab3-3615-94f8-903a84734b30
|t 0
|
| 952 |
f |
f |
|a Texas A&M University
|b College Station
|c Electronic Resources
|d Available Online
|t 0
|h No information provided
|
| 998 |
f |
f |
|t 0
|l Available Online
|